书目信息 |
| 题名: |
化工环境保护及安全技术
|
|
| 作者: | 严进 主编 | |
| 分册: | ||
| 出版信息: | 北京 化学工业出版社 2011 |
|
| 页数: | 217页 | |
| 开本: | 26cm | |
| 丛书名: | ||
| 单 册: | ||
| 中图分类: | X78 , TQ086 | |
| 科图分类: | ||
| 主题词: | 化学工业--环境保护--高等职业教育--教材 , 化学工业 , 环境保护 , 化工安全--安全生产--高等职业教育--教材 , 安全生产 , 化工安全 | |
| 电子资源: | ||
| ISBN: | 978-7-122-11102-9 | |
| 000 | 01018nam0 2200301 450 | |
| 001 | 139561 | |
| 005 | 20140912135023.65 | |
| 010 | @a978-7-122-11102-9@dCNY 28.00 | |
| 100 | @a20110812d2011 em y0chiy50 ea | |
| 101 | 0 | @achi |
| 102 | @aCN@b110000 | |
| 105 | @aa z 000yy | |
| 200 | 1 | @a化工环境保护及安全技术@Ahua gong huan jing bao hu ji an quan ji shu@b专著@f严进主编 |
| 210 | @a北京@c化学工业出版社@d2011 | |
| 215 | @a217页@c图@d26cm | |
| 300 | @a高职高专“十二五”规划教材 | |
| 330 | @a本书系统介绍了化工废水、化工废气及化工废渣的处理技术,详细阐述了化工安全技术和安全生产管理与事故应急管理。理论与技术相结合,理论与实际相结合,突出重点与难点,注重技能培养。 | |
| 606 | 0 | @a化学工业@x环境保护@x高等职业教育@j教材 |
| 606 | 0 | @a化学工业 |
| 606 | 0 | @a环境保护 |
| 606 | 0 | @a化工安全@x安全生产@x高等职业教育@j教材 |
| 606 | 0 | @a安全生产 |
| 606 | 0 | @a化工安全 |
| 690 | @aX78@v4 | |
| 690 | @aTQ086@v4 | |
| 701 | 0 | @a严进@Ayan jin@4主编 |
| 801 | 0 | @aCN@bZL@c20140912 |
| 905 | @a241430@dX78@eY053 | |
| 化工环境保护及安全技术/严进主编.-北京:化学工业出版社,2011 |
| 217页:图;26cm |
| 高职高专“十二五”规划教材 |
| ISBN 978-7-122-11102-9:CNY 28.00 |
| 本书系统介绍了化工废水、化工废气及化工废渣的处理技术,详细阐述了化工安全技术和安全生产管理与事故应急管理。理论与技术相结合,理论与实际相结合,突出重点与难点,注重技能培养。 |
| ● |
| 相关链接 |
|
|
|
正题名:化工环境保护及安全技术
索取号:X78/Y053
 
预约/预借
| 序号 | 登录号 | 条形码 | 馆藏地/架位号 | 状态 | 备注 |
| 1 | 0831170 | 208311708 | 自科库501/501自科库 110排1列6层/ [索取号:X78/Y053] | 在馆 | |
| 2 | 0831171 | 208311717 | 自科库501/501自科库 110排1列6层/ [索取号:X78/Y053] | 在馆 | |
| 3 | 0831172 | 208311726 | 自科二线504/501自科库 110排1列6层/ [索取号:X78/Y053] | 在馆 |